| 000 | 00555cam a2200181 i 4500 | ||
|---|---|---|---|
| 020 | _a0471072559 | ||
| 082 | 0 | 0 |
_a629.136 _bASH _cL-18 P-11 |
| 100 | 1 |
_aAshford, Norman. _97046 |
|
| 245 | 1 | 0 |
_aAirport engineering / _cNorman Ashford, Paul H. Wright. |
| 260 |
_aNew York : _bWiley, _cc1979. |
||
| 300 |
_aviii, 449 p. : _bill. ; _c24 cm. |
||
| 500 | _a"A Wiley-Interscience publication." | ||
| 526 |
_a0 _b0 _c0 _d629_136000000000000_ASH |
||
| 650 | 0 |
_aAirports _xPlanning. _97047 |
|
| 650 | 0 |
_aMCE _9379 |
|
| 700 | 1 |
_aWright, Paul H., _97049 |
|
| 942 |
_2ddc _cBK |
||
| 999 |
_c548161 _d548161 |
||